000 00578nam a22001577a 4500
003 OSt
005 20151207164206.0
008 151207b xxu||||| |||| 00| 0 eng d
040 _cRUA
082 _aATM EK 2000 B191 Or.1
100 _94492
_aEK SO PHEAP; ឯក សុភាព
245 _aRice threshing and its effects on grain quality; ការបោកបែនស្រូវ និងឥទ្ធិពលរបស់វាទៅលើគុណភាពគ្រាប់
260 _aPhnom Penh
_bRUA
_c2000
300 _aviv; 58p.
_bill.
_c29cm.
942 _2ddc
_cATM
999 _c4189
_d4189